Administración y economía. (Registro nro. 7966)
[ vista simple ]
| 000 -LIDER | |
|---|---|
| fixed length control field | 00648nam a2200229 a 4500 |
| 001 - NÚMERO DE CONTROL | |
| Identificador de número de control | 000020265 |
| 003 - IDENTIFICACDOR DE NÚMERO DE CONTROL | |
| control field | DO-SdBNP |
| 005 - DATE AND TIME OF LATEST TRANSACTION | |
| control field | 20150715112736.0 |
| 008 - ELEMENTOS DE LONGITUD FIJA | |
| fixed length control field | 100802s2000 dr a 001 0 spa d |
| 020 ## - ISBN | |
| International Standard Book Number | 9789701704097 |
| 040 ## - FUENTE DE CATALOGACIÓN | |
| Agencia que crea de manera original el registro | BPJMB |
| Idioma de catalogación | spa |
| Agencia que realiza la transcripción | BPJMB |
| 092 ## - LOCALLY ASSIGNED DEWEY DECIMAL CALL NUMBER | |
| Número de clasificación | xxxx |
| Número de ítem (Cutter) | C357 |
| 245 00 - MENCIÓN DE TITULO | |
| Título | Administración y economía. |
| 260 ## - PUBLICACIÓN, DISTRIBUCIÓN, ETC. (PIE DE IMPRENTA) | |
| Lugar de publicación, distribución, etc | México : |
| Nombre del editor, distribuidor, etc. | Pearson Educación, |
| Fecha de publicación, distribución, etc | 2000. |
| 300 ## - DESCRIPCIÓN FÍSICA | |
| Extensión | 98 p. : |
| Otros detalles físicos | il. ; |
| Dimensiones | 27 cm. |
| 490 1# - MENCIÓN DE SERIES | |
| Mención de serie | Catálogo universitario |
| 500 ## - NOTA GENERAL | |
| Nota general | Incluye índices |
| 830 #0 - ASIENTO SECUNDARIO DE SERIE--TÍTULO UNIFORME | |
| Título uniforme | Catálogo universitario |
| 942 ## - ADDED ENTRY ELEMENTS (KOHA) | |
| Source of classification or shelving scheme | Dewey Decimal Classification |
| Koha item type | Libros |
| 956 ## - LOCAL ELECTRONIC LOCATION AND ACCESS (OCLC) | |
| Nombre de host | BTAVAREZ |
| Número de acceso | 10 |
| Información de compresión | 20100802 |
| Inicio de sesión | BND02 |
| Procesador de solicitud | 1514 |
| 956 ## - LOCAL ELECTRONIC LOCATION AND ACCESS (OCLC) | |
| Nombre de host | BTAVAREZ |
| Número de acceso | 10 |
| Información de compresión | 20100802 |
| Inicio de sesión | BND02 |
| Procesador de solicitud | 1526 |
No hay ítems disponibles.